Dane II. učebnica 7

Salvato in:
Dettagli Bibliografici
Autore principale: Oberhauser, Ján Artur
Natura: Libro
Lingua:slovacco
Pubblicazione: Bratislava SÚVAHA 2001
Soggetti:
Tags: Aggiungi Tag
Nessun Tag, puoi essere il primo ad aggiungerne!!

MARC

LEADER 00000nam a2200000 4500
001 c125031
005 20230718082801.9
020 |a 80-88727-43-X 
041 0 |a slo 
044 |a SK 
245 1 0 |a Dane II.  |b učebnica 7  |c Ján Artur Oberhauser a kolektív 
264 1 |a Bratislava  |b SÚVAHA  |c 2001 
300 |a 292 s. 
610 2 0 |a dane 
610 2 0 |a politika daňová 
610 2 0 |a systémy daňové 
610 2 0 |a zákony 
610 2 0 |a legislatíva 
610 2 0 |a predpisy právne 
610 2 0 |a dane z príjmov 
610 2 0 |a odpisy daňové 
610 2 0 |a zdaňovanie 
610 2 0 |a politika medzinárodná 
610 2 0 |a priznania daňové 
610 2 0 |a osoby právnické 
610 2 0 |a osoby fyzické 
610 2 0 |a dane spotrebné 
610 2 0 |a podnikanie 
610 2 0 |a dane z hodnoty pridanej 
610 2 0 |a dane z nehnuteľností 
610 2 0 |a dane cestné 
610 2 0 |a dane z dedičstva 
610 2 0 |a správa daňová 
610 2 0 |a poplatky 
610 2 0 |a poistenie zdravotné 
610 2 0 |a zabezpečenie sociálne 
610 2 0 |a Slovensko 
100 1 |a Oberhauser, Ján Artur